[Event "Fagernes op-B"]
[Site "Fagernes"]
[Date "2023.04.09"]
[Round "9"]
[White "Andersen, Dag"]
[Black "Stokhaug, Jon Arne"]
[Result "1/2-1/2"]
[WhiteElo "1776"]
[BlackElo "1843"]
[PlyCount "77"]
[EventDate "2023.04.02"]
[EventType "swiss"]
[EventRounds "9"]
[EventCountry "NOR"]
[SourceTitle "CBM 213 Extra"]
[Source "ChessBase"]
[SourceDate "2023.05.31"]
[SourceVersion "1"]
[SourceVersionDate "2023.05.31"]
[SourceQuality "1"]

1. e4 c6 2. d4 d5 3. e5 c5 4. dxc5 Nc6 5. Nf3 Bg4 6. Bf4 e6 7. Be2 Bxc5 8. 0-0 Nge7 9. Nbd2 0-0 10. c3 Bb6 11. Bg3 Ng6 12. Qe1 Bf5 13. Nb3 Nge7 14. Qd2 Bg6 15. Nh4 Nf5 16. Nxf5 Bxf5 17. Bd3 Bxd3 18. Qxd3 Qe7 19. Kh1 Qc7 20. f4 Ne7 21. Bf2 Bxf2 22. Rxf2 Rac8 23. Nd4 a6 24. h4 g6 25. Qh3 h5 26. Rf3 Kg7 27. Rg3 Nc6 28. Nf3 Ne7 29. Nd4 Nc6 30. Rg5 Nxd4 31. cxd4 Qb6 32. f5 exf5 33. Qxf5 Qxd4 34. Qf6+ Kh7 35. Rxh5+ gxh5 36. Qf5+ Kg8 37. Qg5+ Kh7 38. Qf5+ Kg8 39. Qg5+ 1/2-1/2

[Event "NOR-chT Club"]
[Site "Drammen"]
[Date "2019.05.30"]
[Round "1.12"]
[White "Andersen, Dag"]
[Black "Mantila, Hanna"]
[Result "1-0"]
[WhiteElo "1845"]
[BlackElo "1152"]
[PlyCount "47"]
[EventDate "2019.05.30"]
[EventType "team-swiss"]
[EventRounds "6"]
[EventCountry "NOR"]
[SourceTitle "CBM 190 Extra"]
[Source "ChessBase"]
[SourceDate "2019.07.15"]
[SourceVersion "1"]
[SourceVersionDate "2019.07.15"]
[SourceQuality "1"]
[WhiteTeam "Sarpsborg"]
[BlackTeam "Drammen Bobcats"]
[WhiteTeamCountry "NOR"]
[BlackTeamCountry "NOR"]

1. d4 d5 2. c4 Nf6 3. cxd5 Qxd5 4. Nc3 Qd7 5. e4 e6 6. Nf3 Bb4 7. Bd3 b6 8. 0-0 Bb7 9. Ne5 Qd8 10. Qa4+ Nbd7 11. Nxd7 Nxd7 12. Qxb4 a5 13. Qa3 c6 14. Bf4 Qf6 15. Be3 e5 16. dxe5 Nxe5 17. Be2 b5 18. Qc5 Ng6 19. Rad1 Rd8 20. Nxb5 Rd7 21. Rxd7 Kxd7 22. Rd1+ Kc8 23. Bg4+ Kb8 24. Qa7# 1-0

[Event "Oslo op"]
[Site "Oslo"]
[Date "2018.10.07"]
[Round "10"]
[White "Andersen, Dag"]
[Black "Vitenberg, Noam Aviv"]
[Result "0-1"]
[WhiteElo "1903"]
[BlackElo "2175"]
[PlyCount "54"]
[EventDate "2018.09.30"]
[EventType "swiss"]
[EventRounds "10"]
[EventCountry "NOR"]
[SourceTitle "EXT 2020"]
[Source "ChessBase"]
[SourceDate "2019.10.17"]
[SourceVersion "1"]
[SourceVersionDate "2019.10.17"]
[SourceQuality "1"]

1. d4 Nf6 2. Nf3 d5 3. c4 e6 4. Nc3 Bb4 5. Bg5 dxc4 6. e3 b5 7. Be2 Bb7 8. 0-0 a6 9. a4 Bxc3 10. bxc3 Nbd7 11. Nd2 Nb6 12. axb5 axb5 13. e4 h6 14. Bxf6 Qxf6 15. Rxa8+ Bxa8 16. Qb1 Bc6 17. f4 0-0 18. Rf3 Ra8 19. h3 Ra3 20. Kh2 Rxc3 21. Rxc3 Qxf4+ 22. Rg3 Qxd2 23. d5 exd5 24. exd5 Nxd5 25. Qe4 Qf4 26. Qc2 Ne3 27. Qc3 Nf5 0-1

[Event "Oslo op"]
[Site "Oslo"]
[Date "2018.10.04"]
[Round "6"]
[White "Andersen, Dag"]
[Black "Vangen, David Luangtep"]
[Result "1/2-1/2"]
[WhiteElo "1903"]
[BlackElo "1767"]
[PlyCount "52"]
[EventDate "2018.09.30"]
[EventType "swiss"]
[EventRounds "10"]
[EventCountry "NOR"]
[SourceTitle "EXT 2020"]
[Source "ChessBase"]
[SourceDate "2019.10.17"]
[SourceVersion "1"]
[SourceVersionDate "2019.10.17"]
[SourceQuality "1"]

1. d4 d5 2. c4 c6 3. Nf3 Bg4 4. e3 Nf6 5. Nc3 e6 6. h3 Bh5 7. g4 Bg6 8. Ne5 Bd6 9. Nxg6 hxg6 10. Bd2 Nbd7 11. Qf3 Qe7 12. 0-0-0 0-0-0 13. cxd5 exd5 14. Bd3 Rde8 15. Qg2 Ne4 16. Nxe4 dxe4 17. Bc4 f6 18. Kb1 Kb8 19. Rc1 Nb6 20. Bb3 g5 21. Rhf1 Bb4 22. Bxb4 Qxb4 23. Rc3 Qd6 24. Rc5 Nd7 25. Rc3 Nb6 26. Rc5 Nd7 1/2-1/2

[Event "Oslo op"]
[Site "Oslo"]
[Date "2018.10.02"]
[Round "3"]
[White "Andersen, Dag"]
[Black "Basso, Pier Luigi"]
[Result "0-1"]
[WhiteElo "1903"]
[BlackElo "2516"]
[PlyCount "38"]
[EventDate "2018.09.30"]
[EventType "swiss"]
[EventRounds "10"]
[EventCountry "NOR"]
[SourceTitle "EXT 2020"]
[Source "ChessBase"]
[SourceDate "2019.10.17"]
[SourceVersion "1"]
[SourceVersionDate "2019.10.17"]
[SourceQuality "1"]

1. d4 d5 2. c4 c6 3. Nf3 Nf6 4. e3 Bg4 5. Nc3 e6 6. a3 Nbd7 7. cxd5 exd5 8. Be2 Bd6 9. 0-0 0-0 10. b4 b5 11. Qc2 Qe7 12. Re1 a5 13. bxa5 Rxa5 14. Qb3 Rfa8 15. Nb1 Ne4 16. Nfd2 Bxh2+ 17. Kf1 Nxf2 18. Kxf2 Qh4+ 19. Kf1 Bg1 0-1

[Event "Helsingor Xtracon op"]
[Site "Helsingor"]
[Date "2017.07.29"]
[Round "9"]
[White "Andersen, Dag"]
[Black "Petersen, Peter Birk"]
[Result "1/2-1/2"]
[WhiteElo "1855"]
[BlackElo "2179"]
[PlyCount "64"]
[EventDate "2017.07.22"]
[EventType "swiss"]
[EventRounds "10"]
[EventCountry "DEN"]
[SourceTitle "CBM 179 Extra"]
[Source "ChessBase"]
[SourceDate "2017.08.23"]
[SourceVersion "1"]
[SourceVersionDate "2017.08.23"]
[SourceQuality "1"]

1. d4 Nf6 2. Nf3 g6 3. Bg5 Bg7 4. Nbd2 d6 5. c3 0-0 6. e4 c5 7. Bd3 cxd4 8. cxd4 Nc6 9. 0-0 h6 10. Be3 Ng4 11. Qe2 Nxe3 12. Qxe3 Bg4 13. Rac1 Rc8 14. Bb1 Bxf3 15. Nxf3 Qb6 16. Rc4 Na5 17. Rxc8 Rxc8 18. b3 e5 19. d5 Qxe3 20. fxe3 Rc3 21. Kf2 h5 22. Ke2 Bh6 23. Bd3 b5 24. Kd2 b4 25. Ne1 Nb7 26. Rf3 a5 27. g3 Nc5 28. Bc2 Kg7 29. Ng2 a4 30. bxa4 Ra3 31. Bb3 Nxa4 32. Kd3 Nc5+ 1/2-1/2

[Event "Helsingor Xtracon op"]
[Site "Helsingor"]
[Date "2017.07.22"]
[Round "1"]
[White "Andersen, Dag"]
[Black "Haria, Ravi"]
[Result "0-1"]
[WhiteElo "1855"]
[BlackElo "2417"]
[PlyCount "52"]
[EventDate "2017.07.22"]
[EventType "swiss"]
[EventRounds "10"]
[EventCountry "DEN"]
[SourceTitle "CBM 179 Extra"]
[Source "ChessBase"]
[SourceDate "2017.08.23"]
[SourceVersion "1"]
[SourceVersionDate "2017.08.23"]
[SourceQuality "1"]

1. d4 e6 2. c4 b6 3. Nf3 Bb7 4. g3 f5 5. Bg2 Nf6 6. Nc3 Bb4 7. 0-0 0-0 8. Bd2 Qe7 9. a3 Bxc3 10. Bxc3 Be4 11. b4 b5 12. cxb5 d6 13. Nd2 Bxg2 14. Kxg2 Nbd7 15. Qb3 Nb6 16. a4 Nbd5 17. Bb2 Rab8 18. Nc4 Qf7 19. Na5 Ne4 20. Rad1 f4 21. Nc6 Rbe8 22. Rd3 Qh5 23. Qd1 Rf6 24. h4 Ref8 25. Rf3 fxg3 26. Rxf6 Rxf6 0-1

[Event "Politiken Cup 37th"]
[Site "Helsingor"]
[Date "2015.07.26"]
[Round "2"]
[White "Andersen, Dag"]
[Black "Shehzad, Shazil Khan"]
[Result "1/2-1/2"]
[WhiteElo "1840"]
[BlackElo "1479"]
[PlyCount "70"]
[EventDate "2015.07.25"]
[EventType "swiss"]
[EventRounds "10"]
[EventCountry "DEN"]
[SourceTitle "CBM 167 Extra"]
[Source "ChessBase"]
[SourceDate "2015.09.14"]
[SourceVersion "1"]
[SourceVersionDate "2015.09.14"]
[SourceQuality "1"]

1. d4 Nf6 2. Nf3 e6 3. Bg5 d5 4. Nbd2 c5 5. e3 Nc6 6. c3 Bd7 7. Bd3 a6 8. Ne5 Be7 9. Ndf3 b5 10. 0-0 0-0 11. dxc5 Nxe5 12. Nxe5 Rc8 13. b4 Qc7 14. Bf4 Qb7 15. h3 Bc6 16. Nxc6 Qxc6 17. a4 Ra8 18. Qc2 h6 19. Ra2 Rfd8 20. Rfa1 Nh5 21. Bh2 g6 22. Ra3 f5 23. Be5 Bf6 24. Bxf6 Nxf6 25. axb5 axb5 26. Rxa8 Rxa8 27. Rxa8+ Qxa8 28. Bxb5 Kf7 29. Ba4 Qa7 30. Qb3 Ne4 31. Qa3 Ke7 32. c6 Kd8 33. Qb3 Qb6 34. Qc2 Kc7 35. Kh2 g5 1/2-1/2

[Event "Reykjavik op"]
[Site "Reykjavik"]
[Date "2015.03.14"]
[Round "6"]
[White "Andersen, Dag"]
[Black "Zhou, Qiyu"]
[Result "1-0"]
[WhiteElo "1843"]
[BlackElo "2182"]
[PlyCount "127"]
[EventDate "2015.03.10"]
[EventType "swiss"]
[EventRounds "10"]
[EventCountry "ISL"]
[SourceTitle "CBM 165 Extra"]
[Source "ChessBase"]
[SourceDate "2015.04.21"]
[SourceVersion "1"]
[SourceVersionDate "2015.04.21"]
[SourceQuality "1"]

1. d4 Nf6 2. Nf3 e6 3. Bg5 d5 4. e3 Be7 5. Nbd2 0-0 6. Bd3 Nbd7 7. 0-0 b6 8. Qe2 c5 9. c3 Bb7 10. Rfe1 Ne4 11. Bxe7 Qxe7 12. Rac1 Rac8 13. Bb1 Rfd8 14. Red1 a6 15. dxc5 Nxd2 16. Nxd2 bxc5 17. e4 d4 18. cxd4 cxd4 19. f4 e5 20. f5 Nc5 21. Rf1 Rd6 22. Qg4 Rh6 23. g3 Rhc6 24. b3 f6 25. Nc4 Qd7 26. Na5 R6c7 27. Nxb7 Nxb7 28. Rxc7 Qxc7 29. Bd3 Qa5 30. Qe2 Nc5 31. Rc1 Rd8 32. Rc2 Kh8 33. Qf1 Qa3 34. g4 h6 35. h4 a5 36. g5 a4 37. gxf6 gxf6 38. Bc4 axb3 39. axb3 Nxe4 40. Qg2 Qa7 41. Kh2 Nd6 42. Ra2 Qb7 43. Bd5 Qh7 44. Be6 Nxf5 45. Ra8 Rxa8 46. Qxa8+ Kg7 47. Qb7+ Kh8 48. Qc8+ Kg7 49. Qb7+ Kh8 50. Qc8+ Kg7 51. Bxf5 Qg8 52. Qxg8+ Kxg8 53. b4 Kf7 54. Kg2 Ke7 55. Kf3 Kd6 56. Be4 Ke6 57. Ke2 f5 58. Bc6 e4 59. Kd2 Kd6 60. b5 Kc5 61. h5 Kb6 62. Ke2 Kc5 63. Kd2 Kb6 64. Ke2 1-0

[Event "Politiken Cup 36th"]
[Site "Helsingor"]
[Date "2014.07.25"]
[Round "6"]
[White "Tandrup, Michael"]
[Black "Andersen, Dag"]
[Result "0-1"]
[WhiteElo "2019"]
[BlackElo "1862"]
[PlyCount "110"]
[EventDate "2014.07.21"]
[EventType "swiss"]
[EventRounds "10"]
[EventCountry "DEN"]
[SourceTitle "CBM 161 Extra"]
[Source "ChessBase"]
[SourceDate "2014.08.29"]
[SourceVersion "1"]
[SourceVersionDate "2014.08.29"]
[SourceQuality "1"]

1. d4 Nf6 2. Nf3 e6 3. Bf4 c5 4. c3 Nc6 5. e3 cxd4 6. exd4 d6 7. Bd3 Be7 8. 0-0 a6 9. Nbd2 0-0 10. Qc2 h6 11. a4 b6 12. Ne4 Bb7 13. Nxf6+ Bxf6 14. Rad1 Ne7 15. Nd2 Nd5 16. Bg3 Rc8 17. Qb1 Bh4 18. Be4 Bxg3 19. hxg3 Qc7 20. Bf3 Nf6 21. Rfe1 Bxf3 22. gxf3 Qc6 23. Qc2 Rc7 24. Ne4 Nxe4 25. Rxe4 d5 26. Rh4 f5 27. f4 Rf6 28. Re1 b5 29. axb5 axb5 30. Kg2 Ra7 31. Rhh1 b4 32. Re3 Qc4 33. Rhe1 b3 34. Qd1 Ra6 35. Qh5 Qa4 36. g4 fxg4 37. Qxg4 Qd7 38. Qe2 Rb6 39. Rf3 Qf7 40. Qe3 Ra6 41. Qe5 Rb6 42. Rh1 Rf5 43. Qe3 Ra6 44. Rg3 Kh8 45. Rg4 Ra2 46. Qd2 Rf6 47. Kg3 Rg6 48. f3 Qf5 49. Rh2 Ra1 50. Qe3 Rd1 51. Rg5 Rd3 52. Qe5 Rxg5+ 53. fxg5 Rxf3+ 54. Kh4 Rf4+ 55. Kh5 Qf7+ 0-1